000 00865nam a2200277 i 4500
003 EG-GICUC
005 20260121101446.0
008 251210s1916 uk ||||fr|||| 000 0 eng d
040 _aEG-GiCUC
_beng
_cEG-GiCUC
_dEG-GiCUC
_erda
041 _aeng
082 0 4 _221
_a341.69
_bPR
092 0 4 _221
099 _aLaw1 11 341.69 PR 1916
245 1 0 _aProblems Of The War ؛
_bPapers Read Before The Society In The Year 1915 /
_cThe Grotius Society.
264 1 _aLondon:
_b Sweet & Maxwell,
_c1916.
300 _a104 pages ;
_c24 cm
336 _2rda content
_atext
337 _2rda media
_aComputer
338 _2rda carrier
_aOnline Resource
546 _aText in English
650 1 4 _aPublic international law
_2qrmak
651 1 _2qrmak
856 4 0 _uhttps://fll.law.cu.edu.eg/fulltext/bks/B11-05500.pdf
905 _a79
_eHassnaa
942 _2ddc
_cBK
_e21
_n0
999 _c49466
_d49466